| 000 | 01338nam a2200361Ia 4500 | ||
|---|---|---|---|
| 005 | 20220317000220.0 | ||
| 008 | 141031s9999 ck 000 0 spa d | ||
| 020 | _a9789589886373 | ||
| 082 | 0 | 4 |
_a610.73 _bD87p |
| 100 | 1 | _aDurán Naranjo, Jaime | |
| 245 | 1 | 0 |
_aPráctico en enfermería _cJaime Durán Naranjo, Eduardo Durán Naranjo ; ilustraciones Eduardo Durán Naranjo, Jonathan Durán Naranjo. |
| 250 | _a1a edición | ||
| 300 |
_a223 páginas _bilustraciones, fotografías, cuadros en blanco y negro _c23 cm. |
||
| 490 | _aTemas de Orientación Profesional | ||
| 500 | _aIncluye glosario | ||
| 504 | _aIncluye bibliografía | ||
| 650 | 1 | 4 |
_2LEMB _aMedicina _xAparatos e instrumentos |
| 650 | 1 | 4 |
_2LEMB _aEnfermería _xEnseñanza |
| 650 | 1 | 4 |
_2LEMB _aFisiología humana _xFundamentos |
| 650 | 1 | 4 |
_2LEMB _aAnatomía humana _xFundamentos |
| 650 | 1 | 4 |
_2LEMB _aSistema cardiovascular |
| 650 | 1 | 4 |
_2LEMB _aAparato urogenital |
| 650 | 1 | 4 |
_2LEMB _aAparato digestivo |
| 650 | 1 | 4 |
_2LEMB _aSistema muscular |
| 700 | 1 |
_aDurán Naranjo, Jonathan _eilustrador _99764 |
|
| 700 | 1 |
_aDurán Naranjo, Eduardo _eilustrador _99765 |
|
| 942 |
_2ddc _cBK |
||
| 264 |
_aBogotá _bDurán _c2009 |
||
| 336 |
_atexto _btxt _2rdacontent |
||
| 337 |
_asin mediación _bn _2rdamedia |
||
| 338 |
_avolumen _bnc _2rdacarrier |
||
| 040 |
_aCO-BoRNBP _bspa _erda _cCO-BoRNBP |
||
| 999 |
_c3424 _d3424 |
||